Quizzes
Events
Quiz Creation
Community
Videos
Private Events
Remove Ads
Sign In
Join for FREE
Feedback
Dark Mode
Quiz Categories
Sports
Geography
Music
Movies
Television
Just For Fun
Miscellaneous
History
Literature
Language
Science
Gaming
Entertainment
Religion
Holiday
For Kids
Quiz Lab
Recent
Popular Today
Quiz Kudos Today
Editor Picks
Curator Picks
Quizzes by...
Day
Popularity
Type
Ratings
Length
Year
Community
Subscriptions
Recent Discussions
Orange Saloon
Badges
Playlists
Quests
Create
Leaderboards
Showdown
Live 5
Trivia Bingo
Activity
Puzzle Library
Sporcle Events
Private Events
Virtual Trivia
Globe League
Become a Host
Pub Owners
SporcleCon
Opinionation
Our Games
Videos
Blog
Mobile Apps
Partnerships
Remove Ads and Go Orange
Feedback
Gaming
Video Games
Board Games
Card Games
Pokémon
Mario
Nintendo
Minecraft
Console
Toys
Legend of Zelda
Gaming
Video Games
Board Games
Card Games
Pokémon
Mario
Nintendo
Minecraft
Console
Toys
Legend of Zelda
Random Quiz
Search Sporcle
×
Quiz Lab
Quiz Lab
Gaming
Character
Type in answers that appear in a list
Type in answers that appear in a list
Classic
Best Score? Go Orange.
Name the Sonic Characters Stats
Can you name the Sonic Characters??
By
LupusSilvae
10m
28 Questions
1,681 Plays
1,681 Plays
1,681 Plays
Comments
Comments
Give Quiz Kudos
Give Quiz Kudos
-
- Ratings
hide this ad
Random Order
Randomize order of answers
Randomize order of answers
Replay
Link that replays current quiz
Next Quiz
Link to next quiz in quiz playlist
You Got
0%
They Got
Avg Score
72%
Avg Friend Score
Upgrade to see
Score Distribution
Jump to the score distribution portion of the page
Score
0/28
Timer
10:00
0
Plays Today
Game Debut
Character
% Correct
All
Sonic the Hedgehog
97.5%
Since Sonic the Hedgehog 2
Miles 'Tails' Prower
94.7%
Since Sonic the Hedgehog 3
Knuckles the Echidna
92.7%
Since Sonic Adventure 2
Shadow the Hedgehog
92.3%
Since Sonic CD
Amy Rose
92.2%
Since Sonic 06/
Next Gen/
360
Silver the Hedgehog
87.1%
Since Sonic Rush
Blaze the Cat
84.8%
Since Knuckles Chaotix
Vector the Crocodile
83.5%
Since Sonic Advance
Cream the Rabbit
82.1%
Since Sonic Riders
Jet the Hawk
82.1%
Since Sonic Adventure 2
Rouge the Bat
82%
Since Knuckles Chaotix
Charmy Bee
81%
Since Knuckles Chaotix
Espio the Chameleon
80.5%
Sonic Adventure
Big the Cat and Froggy
78.7%
Game Debut
Character
% Correct
Sonic CD/
Sonic Heroes
Metal Sonic
77.9%
All
Dr. Eggman
77%
Since Sonic Riders
Wave the Swallow
76.8%
Since Sonic Riders
Storm the Albatross
74.4%
Since Sonic Heroes(?)
Omega
73.9%
Sonic Adventure
Chaos
65.1%
Sonic Adventure
Tikal the Echidna
60.5%
Sonic Adventure
Gamma
54.2%
Sonic Rush Adventure
Marine the Raccoon
51.1%
Sonic Chronicles
Shade the Echidna
50.9%
Sonic 06/
Next Gen/
360
Mephiles the Dark
50.7%
Sonic 06/
Next Gen/
360
Iblis
39.6%
Sonic 06/
Next Gen/
360
Solaris
36.5%
Sonic Chronicles
Imperator Pir'Oth Ix
21%
Quiz Playlist
Details
Report
Send in Message
Add To Playlist
Classic:
Type in answers that appear in a list
Random Order:
Randomize order of answers
Last Updated: Feb 16, 2017
Quiz Scoreboard
CHALLENGE
Sign Up to Join the Scoreboard
Show All
Scores
Hide
Comments
May contain spoilers
Recently Published
Alphabetical 'K' Countries by Flag Minefield
by ylime102
Geography
3m
Pick 6: Fruits
by JohnFran
Miscellaneous
15s
Click the 1999 NBA Draft
by nibperrychub
Sports
2m
More to Explore
Quiz From the Vault
Featured Blog Post
15 Basketball Trivia Facts You Can Be March Mad About
hide this ad
You Might Also Like...
Tags
Character
debut
sonic
Sonic the Hedgehog
Today's Top Quizzes in Gaming
Browse Gaming
hide this ad
Today's Top Quizzes in Character
Browse Character
Top Contributed Quizzes in Gaming
1
Pokémon Gen IV Logic Puzzle (HARD)
2
HARD Pokemon Logic Puzzle
3
Honkai: Star Rail Technique Names Quiz
4
Order Genshin Impact characters by release date!
5
Kingdom Hearts Logic Puzzle
6
Genshin Impact Logic Puzzle Quiz
7
Danganronpa 1 Logic Puzzle
8
Pokémon Logic Puzzle (DIFFICULT)
9
Danganronpa Sorting Blitz
10
Stardew Valley Logic Puzzle
Explore More
Trending Topics
NBA
Kpop
Anime
Crossword
Disney
Harry Potter
Marvel
WWE
Pokémon
NFL
Song
The Office
Puzzle
Soccer
Country
hide this ad
More By:
LupusSilvae
Quiz
Plays
Rating
Category
Featured
Created
Name the Sonic Characters
1,681
1.67
Gaming
Jan 27, 2010
Go to Creator's Profile
Score Distribution
Quiz Creator Spotlight
LupusSilvae
Follow
Send a Message
Quizzes Created
-
Created Quiz Play Count
-
More By This Creator
Popular Quizzes Today
1
Find the US States - No Outlines Minefield
2
Countries of Asia Without Outlines Minefield
3
Pick 6: Fruits
4
Alphabetical 'K' Countries by Flag Minefield
5
The Countries of the World
6
Find the US States
7
Match the Book to the Film X
8
Click the 1999 NBA Draft
More Gaming Quizzes
5 letter Pokémon moves
Quiz Lab
Trending Quizzes
Pick 6: Harry Potter
Pick 6: Mountains
Pick 6: NFL Teams
Pick 6: Movie Franchises
Pick 6: Golfers
Recently Updated
NWSL Teams
pecheneg
Women's Final Four Teams by Year
bhenderson79
Presidents Quartet II
eogle
Anything But Clue(do)
eogle
Anything But Oceanian Capitals
eogle
Anything But 7
eogle
Anything But Thing
eogle
Word Ladder: February 29
pecheneg
Song Title Questions
pecheneg
Women's NCAA Tournament #1 Seeds
pecheneg
Trending Topics
Kpop
NBA
Crossword
Anime
Disney
Marvel
Harry Potter
The Office
NFL
Country
Pokémon
Soccer
Song
WWE
Puzzle
Your Account Isn't Verified!
In order to create a playlist on Sporcle, you need to verify the email address you used during registration. Go to your
Sporcle Settings
to finish the process.
Report this User
Report this user for behavior that violates our
Community Guidelines
.
Details:
Send Report
Go to the Sporcle.com Mobile Site →
Comments